|
|
|
|
| LEADER |
00000nam a2200000Ia 4500 |
| 001 |
51 |
| 003 |
NUMERAZIONE-ORIGINALE-BRESCIA |
| 005 |
20260206230747.0 |
| 008 |
260206s9999 xx 000 0 und d |
| 100 |
|
|
|a Sant, van Gus
|
| 245 |
|
0 |
|a Pink
|
| 260 |
|
|
|a Roma
|
| 260 |
|
|
|b Minimum fax
|
| 260 |
|
|
|c 1998
|
| 500 |
|
|
|a Sotterranei
|
| 942 |
|
|
|2 ddc
|c BK
|n 0
|
| 952 |
|
|
|0 0
|1 0
|2 ddc
|4 0
|6 23
|7 0
|9 28233
|a BS
|b BS
|d 2026-02-06
|i 51-2
|l 0
|o 2-3-*
|r 2026-02-06 22:40:31
|w 2026-02-06
|x [REVISIONARE]
|y BK
|
| 952 |
|
|
|0 0
|1 0
|2 ddc
|4 0
|6 23
|7 0
|9 28234
|a BS
|b BS
|d 2026-02-06
|i 51-1
|l 0
|o 2-3-*
|r 2026-02-06 22:40:31
|w 2026-02-06
|x [REVISIONARE]
|y BK
|
| 999 |
|
|
|c 23933
|d 23933
|